Most Illiterate Countries - Statistics

General Stats
  • This quiz has been taken 72 times
  • The average score is 17 of 25
Answer Stats
Literacy Rate Country % Correct
35.4 % Chad
88%
28.7 % Niger
88%
37.8 % Somalia
86%
27.0 % Sudan
80%
56.6 % Central African Republic
78%
39.0 % Ethiopia
78%
33.4 % Mali
78%
28.7 % Burkina Faso
75%
60.4 % Togo
75%
28.1 % Afghanistan
74%
42.4 % Benin
74%
58.6 % Mauritania
72%
51.1 % Gambia
71%
41.0 % Guinea
68%
55.3 % Guinea Bissau
68%
49.7 % Senegal
68%
43.3 % Sierra Leone
65%
56.9 % Cote d'Ivoire
64%
54.9 % Pakistan
59%
56.1 % Mozambique
58%
57.7 % Bangladesh
55%
57.4 % Nepal
54%
52.8 % Bhutan
52%
48.7 % Haiti
51%
58.3 % East Timor
30%
No matching quizzes found
Score Distribution
Percent of People with Each Score
Percentile by Number Answered
Your Score History
You have not taken this quiz